000 01072nam a2200337 a 4500
001
003 DO-SdBNP
005 20210719111050.0
008 170202s2014 dr 000 0 spa d
020 _a9789945590036
040 _aBPMSU
_bspa
_cBPMSU
082 _aRD864.5
_bP925b
_222
111 2 _aPremios FUNGLOD
_d(2013 :
_cSanto Domingo )
245 1 0 _aBrevísimo tópicos para la historia chiquita y otros ensayos /
_cPedro Carreras... [et al.].
260 _aSanto Domingo :
_bFUNGLODE,
_c2014.
300 _a264 p. ;
_c23 cm.
490 0 _aPremios
500 _aIncluye referencias bibliográficas y notas al pie de las páginas
504 _aBibliografía : p. 265
586 _aPremios FUNGLODE DE Ensayo Pedro Francisco Bonó 2013
590 _6Inventariado, 2021/VM
650 4 _aEnsayos dominicanos
650 4 _aLiteratura dominicana
650 4 _aCertámenes literarios
_zRepública Dominicana
700 1 _aAnzellotti, Marlon
700 1 _aSoldevilla, Enrique
700 1 _aGalán, Bismar
710 _a
910 _aVMateo V.
942 _2ddc
_cBK
999 _c13579
_d13579